| 000 | nam a22 7a 4500 | ||
|---|---|---|---|
| 999 |
_c27691 _d27691 |
||
| 008 | 170210b xxu||||| |||| 00| 0 eng d | ||
| 020 | _a 9780073211466 | ||
| 050 | _aR728.8 .C565 2009 | ||
| 100 | _aBooth,Kathryn A. | ||
| 245 |
_aClinical procedures for medical assisting / _cKathryn A Booth |
||
| 250 | _a3rd ed. | ||
| 260 |
_aBoston : _bMcGraw-Hill Higher Education, _c ©2009. |
||
| 300 |
_axxii, 766p. : _bill. ; _c29cm. |
||
| 500 | _aincludes index. | ||
| 650 | _a Medical assistants. | ||
| 650 | _a Physician Assistants. | ||
| 942 |
_2lcc _cBOOKS _hR728.8 .C565 2009 |
||